| 000 | 00957cam a22001814a 4500 | ||
|---|---|---|---|
| 005 | 20250605164355.0 | ||
| 008 | 250528s ||||||||||||||||||||||||d | ||
| 035 | _a24298 | ||
| 040 |
_aGR-AtMCL _bgre _dGR-AtMCL _eAACR2 |
||
| 245 | 1 | _aΣπουδαί - Spoudai / Βραβείο Ακαδημίας Αθηνών - An Academy of Athens Award | |
| 260 |
_bΕπτάλοφος, _c2004 |
||
| 300 | _a160 | ||
| 520 | _aInterest Rate Volatility and Its Effect on Unemployment in European Union and the United States, Energy Taxes with Exemptions in Greece: An Input-Output Analysis, The Asymptotic Variance in Constructing Confidence Intervals for the Stationary Mean, The Relationship Between Knowledge Capabilities and Firm Performance, The Importance of Human Development Index for Greece: An Econometrical Application in the Greek Regions. | ||
| 700 | 1 |
_aΑλογοσκούφης Γιώργος _97351 |
|
| 942 | _cCR | ||
| 999 |
_c9188 _d9188 |
||